Detalles MARC
| 000 -LÍDER |
| Campo fijo de descripción fija |
01234cam a2200289 i 4500 |
| 001 - NÚMERO DE CONTROL |
| Campo de control |
768714001 |
| 003 - IDENTIFICADOR DEL NÚMERO DE CONTROL |
| Campo de control |
CO-MdBIC |
| 005 - FECHA Y HORA DE LA ULTIMA TRANSACCIÓN |
| control field |
20231124083738.0 |
| 007 - CAMPO FIJO DE DESCRIPCIÓN FIJA--INFORMACIÓN GENERAL |
| Campo fijo de descripción fija |
ta |
| 008 - ELEMENTOS DE LONGITUD FIJA -- INFORMACIÓN GENERAL |
| Campo fijo de descripción fija -- Información general |
231124t2012 sp ||||| |||| 00| 0 spa d |
| 020 ## - NÚMERO INTERNACIONAL NORMALIZADO PARA LIBROS |
| Número Internacional Normalizado del libro |
978-84-293-2002-2 |
| 040 ## - FUENTE DE CATALOGACIÓN |
| Idioma de catalogación |
spa. |
| Agencia de catalogación original |
CO-MdFUSB |
| Agencia que realiza la transcripción |
CO-MdFUSB |
| Agencia que realiza la modificación |
CO-MdFUSBC |
| Convenciones de la descripción |
rda |
| 041 ## - CÓDIGO DE IDIOMA |
| Código de idioma para texto/pista de sonido o título separado |
spa |
| 082 04 - NÚMERO DE CLASIFICACIÓN DECIMAL DEWEY |
| Número de clasificación |
G 231 A9234p |
| 245 10 - TÍTULO |
| Título del Material |
El problema de Dios, hoy / Walter Kasper, Kurt Koch, Karl Lehmann, Gerhard Ludwig Müller, Thomas Söding ; edicción de George Augustin ; traducció de Marciano Villanueva Salas |
| Mención de responsabilidad, etc. |
/ |
| 264 #1 - PRODUCCIÓN, PUBLICACIÓN, DISTRIBUCIÓN, MANUFACTURA, Y COPYRIGHT |
| Lugar de producción, publicación, distribución, manufactura |
Maliaño, Cantabria : Sal Terrae |
| Nombre del productor, publicador, distribuidor |
Sal Terrae, |
| Fecha de producción, publicación, distribución, manufactura, o copyright |
[2012] |
| 264 #4 - PRODUCCIÓN, PUBLICACIÓN, DISTRIBUCIÓN, MANUFACTURA, Y COPYRIGHT |
| Fecha de producción, publicación, distribución, manufactura, o copyright |
©2012 |
| 300 ## - DESCRIPCIÓN FÍSICA |
| Extensión |
199 p., 22 cm |
| Dimensiones |
; |
| 336 ## - TIPO DE CONTENIDO |
| Término de tipo de contenido |
texto |
| Código de tipo de contenido |
txt |
| Fuente |
rdacontent |
| 337 ## - TIPO DE MEDIO |
| Fuente |
rdamedia |
| Nombre del tipo de medio |
sin mediación |
| Código del tipo de medio |
n |
| 338 ## - TIPO DE SOPORTE |
| Fuente |
rdacarrier |
| Nombre del tipo de soporte |
volumen |
| Código Tipo de soporte |
nc |
| 505 00 - NOTA DE CONTENIDO |
| Nota de contenido con formato preestablecido |
Es tiempo de hablar de Dios (Walter Kasper) -- El problema de Dios en la sociedad y en la Iglesia -- El Dios olvidado! ¿Experiencia de Dios en nuestro tiempo? -- Dios, el misterio permanente -- «Dios es único» (Rom 3,30). El monoteísmo paulino, Israel y la Iglesia -- La idea de Dios y la concepción trinitaria de Dios |
| 650 #7 - ASIENTO SECUNDARIO DE MATERIA - TERMINO TEMÁTICO |
| Término temático o nombre geográfico como elemento de entrada |
Dios |
| 9 (RLIN) |
178 |
| 700 1# - ASIENTO SECUNDARIO - NOMBRE PERSONAL |
| Nombre personal |
Augustin, George |
| 942 ## - TIPO DE MATERIAL (KOHA) |
| Tipo de Item KOHA |
Libros General |
| 945 ## - INFORMACIÓN LOCAL DEL REGISTRO |
| Catalogador |
johan1477 |